000 01022nam a2200265 4500
008 020829s1994 us 0 eng
020 _a0788500732
090 0 _aBS511.2
_bSo1d
100 1 _aWashington, Harold C.
245 1 0 _aWealth and poverty in the instruction of Amenemope and the Hebrew proverbs /
_cHarold C. Washington.
260 _aAtlanta :
_bScholars Press,
_cc1994.
300 _axi, 242 p.
490 1 _aSociety of biblical literature / Dissertation series;
_v142
504 _aBiblio: pp. 207-242
505 0 _avol. CXLII
650 4 _aBible. O.T. Proverbs
_xCriticism, interpretation, etc.
650 4 _aEgyptian literature
_xRelation to the Old Testament.
650 4 _aInstruction of Amenemope.
650 4 _aPoverty in literature.
650 4 _aPoverty
_xBiblical teaching.
650 4 _aWealth in literature.
650 4 _aWealth
_xBiblical teaching.
650 4 _aWisdom literature
_xRelation to Egyptian literature.
951 _p15963
_oBS511.2/So1d-CXLII
_j070613111142093
_d2000-12-21
_cGC
999 _c12741
_d12741